000 00349nam a2200121Ia 4500
005 20251222143146.0
008 251222s9999||||xx |||||||||||||| ||spa||
082 _a332.153/P16
100 _aPagano, Carlos O.
245 0 _aEvolución y Perspectivas del Financiamiento Externo de la Banca de Fomento Latinoamericana
264 _bALIDE
942 _cLIB
999 _c12481
_d12481